[Event "Srpska Republic-chT 1st League"]
[Site "Banja Vrucica"]
[Date "2011.08.09"]
[Round "4"]
[White "Prastalo, Borislav"]
[Black "Simic, Milan A"]
[Result "1-0"]
[WhiteElo "2317"]
[BlackElo "2098"]
[PlyCount "69"]
[EventDate "2011.08.06"]
[EventType "team-tourn"]
[EventRounds "9"]
[EventCountry "BIH"]
[SourceTitle "EXT 2019"]
[Source "ChessBase"]
[SourceDate "2018.10.10"]
[SourceVersion "1"]
[SourceVersionDate "2018.10.10"]
[SourceQuality "1"]

1. e4 e6 2. d3 d5 3. Qe2 dxe4 4. dxe4 b6 5. Nf3 Ba6 6. Qd2 Qxd2+ 7. Bxd2 Bxf1 8. Rxf1 Nf6 9. Nc3 Nc6 10. 0-0-0 h6 11. Bf4 Bb4 12. Nb5 0-0 13. a3 Bc5 14. Nxc7 Rac8 15. Na6 Nxe4 16. Nxc5 Nxc5 17. Bd6 Rfd8 18. Bxc5 bxc5 19. Rxd8+ Rxd8 20. Rd1 Rd5 21. c4 Rxd1+ 22. Kxd1 Kf8 23. Nd2 Ne5 24. Kc2 Ke7 25. f3 a5 26. Kb3 Nd3 27. Ka4 Nxb2+ 28. Kxa5 Kd6 29. Kb5 f5 30. a4 Kc7 31. a5 Nd3 32. Nb3 Ne1 33. Nxc5 e5 34. a6 Kb8 35. Kb6 1-0

[Event "Srpska Republic-chT 1st League"]
[Site "Trebinje"]
[Date "2009.08.10"]
[Round "1"]
[White "Basta, Radovan"]
[Black "Simic, Milan A"]
[Result "1-0"]
[WhiteElo "2144"]
[BlackElo "2135"]
[PlyCount "69"]
[EventDate "2009.08.10"]
[EventType "team-tourn"]
[EventRounds "9"]
[EventCountry "BIH"]
[SourceTitle "EXT 2019"]
[Source "ChessBase"]
[SourceDate "2018.10.10"]
[SourceVersion "1"]
[SourceVersionDate "2018.10.10"]
[SourceQuality "1"]

1. e4 e6 2. d4 d5 3. e5 c5 4. c3 Nc6 5. Nf3 Qb6 6. a3 c4 7. Nbd2 Na5 8. b4 cxb3 9. Bb2 Ne7 10. c4 dxc4 11. Nxc4 Nxc4 12. Bxc4 Bd7 13. 0-0 Bc6 14. Bxb3 Nd5 15. Bc1 Be7 16. Be3 Rc8 17. Ba4 0-0 18. Bxc6 Rxc6 19. Nd2 Qa6 20. Ne4 Nc3 21. Nxc3 Rxc3 22. a4 Rfc8 23. h3 b6 24. Qf3 h6 25. Rfd1 Bg5 26. d5 exd5 27. Rxd5 Bxe3 28. fxe3 Qc4 29. Rf1 Qc7 30. Qf5 g6 31. Qg4 Rc1 32. e6 Rxf1+ 33. Kxf1 Qc1+ 34. Rd1 Qc5 35. exf7+ 1-0